|
|
|
|
| LEADER |
00656nam a2200181 i 4500 |
| 001 |
misc45673 |
| 005 |
20200717142329.0 |
| 008 |
200313s1792 hu o 0|| ger d |
| 040 |
|
|
|a SZTE Miscellanea Repozitórium
|b hun
|
| 041 |
|
|
|a ger
|
| 100 |
1 |
|
|a Vetter Alois Rudolph
|
| 245 |
1 |
0 |
|a Anatomisches Lehrbuch in vier Bänden
|h [elektronikus dokumentum] /
|c Vetter Alois Rudolph
|
| 260 |
|
|
|a Sebastian Hartl
|b Wien
|c 1792
|
| 250 |
|
|
|a Zweite vermehrte Auflage
|
| 300 |
|
|
|a 1-69 p.
|c 17 cm
|
| 561 |
|
|
|a Poór Imre hagyaték
|
| 591 |
|
|
|a Prof. Dr. Poór Ferenc ajándéka (pecsét)
|
| 856 |
4 |
0 |
|u http://misc.bibl.u-szeged.hu/45673/1/borklinika_254_001.pdf
|z Dokumentum-elérés
|